00571pam a2200205 a 4500001000800000005001700008008004100025010001700066020002800083020004500111020003800156040001800194041000800212080001300220082001700233100000600250101000800256245007100264504003000335100485020180118092045.0870423s1988 nyu b 000 0 eng  a 87013275  a0195053621 (alk. paper) a0195050266 (pbk. : alk. paper) :c$18.95 z0195050266 (alk. paper) :c$18.95 aDLCcDLCdDLC aeng a174 JOA00a174 JOA219 a3 aSHM00aEthical issues in professional life /cedited by Joan C. Callahan. aBibliography: p. 468-470.